Derecha e izquierda : razones y significados de una distinción política /
Guardado en:
| Autor Principal: | |
|---|---|
| Otros Autores: | , |
| Formato: | Libro |
| Idioma: | Spanish Italian |
| Publicado: |
Madrid :
Taurus,
c1995.
|
| Edición: | Nueva ed., revisada y ampliada con una respuesta a los críticos. |
| Series: | Pensamiento (Taurus (Firm))
|
| Materias: | |
| Etiquetas: |
Agregar Etiqueta
Sin Etiquetas, Sea el primero en etiquetar este registro!
|
| LEADER | 01261cam a2200325Ia 4500 | ||
|---|---|---|---|
| 001 | EEO.eeo000331 | ||
| 008 | 951123s1995####sp#####g#b####000#0#spa#d | ||
| 005 | 20130910105619.0 | ||
| 245 | 1 | 0 | |a Derecha e izquierda : |b razones y significados de una distinción política / |c Norberto Bobbio ; [traducción, Alessandra Picone ; prólogo, Joaquín Estefanía] |
| 250 | |a Nueva ed., revisada y ampliada con una respuesta a los críticos. | ||
| 260 | |a Madrid : |b Taurus, |c c1995. | ||
| 300 | |a 187 p. ; |c 22 cm. | ||
| 490 | 1 | |a Pensamiento | |
| 500 | |a Traducción de: Destra e sinistra : ragioni e significati di una distinzione politica | ||
| 504 | |a Incluye referencias bibliográficas (p. 179-187). | ||
| 020 | |a 8430600825 | ||
| 100 | 1 | |a Bobbio, Norberto, |d 1909-2004. | |
| 240 | 1 | 0 | |a Destra e sinistra. |l Spanish |
| 700 | 1 | |a Estefanía Moreira, Joaquín, |e pról. | |
| 700 | 1 | |a Piccone, Alessandra, |e tr. | |
| 830 | 0 | |a Pensamiento (Taurus (Firm)) | |
| 650 | 7 | |a Ideologías políticas. |2 Isoc | |
| 650 | 7 | |a Política. |2 mpirdes | |
| 650 | 7 | |a Filosofía. |2 mpirdes | |
| 650 | 7 | |a Ideologías. |2 mpirdes | |
| 029 | |a PL# |b 950012365 | ||
| 040 | |a PL# |b spa |c PL# |d FQG | ||
| 041 | 1 | |a spa |h ita | |
| 049 | |a C$EA | ||
| 859 | |a AR-BaUEB |b BIB. ECONOMIA - General |h 324.23 |i B63 |p e10784 | ||
